French: Miscellaneous words - Statistics

General Stats
  • This quiz has been taken 40 times
  • The average score is 15 of 46
Answer Stats
Hint Answer % Correct
table une table
76%
other autre
74%
party fete
74%
same meme
68%
arm bras
65%
chair une chaise
65%
face le visage
62%
exactly exactemment
59%
each/every chaque
56%
far loin
56%
of course bien sur
53%
feet pieds
53%
legs jambes
47%
behind derrière
44%
probably probablement
41%
in front of devant
38%
turn tourner
38%
desk un bureau
38%
cup une tasse
38%
next to a cote de
35%
clock une horloge
35%
career carrière
32%
fingers doigts
29%
knees genoux
29%
neck le cou
29%
near pres de
29%
shoulders epaules
26%
straight ahead tout droit
26%
back le dos
21%
above all surtout
21%
downstairs en bas
15%
upstairs en haut
15%
impatience impatience
15%
elaborate elaborer
12%
across from/ opposite en face de
12%
chest la poitrine
12%
thus ainsi
9%
headphones ecouteurs
9%
forest forets
9%
wealth richesse
9%
fridge un refrigerateur
9%
at the corner au coin de
6%
during lors
6%
laptop un ordinateur portable
6%
also également
0%
trap piece
0%
No matching quizzes found
Score Distribution
Percent of People with Each Score
Percentile by Number Answered
Your Score History
You have not taken this quiz